00692cam a2200241 a 450000100090000000300040000900500170001300800410003001000170007102000180008803500240010604000370013005000260016710000190019324500780021225000120029026000420030230000340034452100090037865000240038770000190041170000200043015791754OSt20140310182901.0090625s2010 nyua b 001 0 eng  a 2009026612 a9780071083263 a(OCoLC)ocn286444448 aDLCcDLCdBTCTAdC#PdYDXCPdDLC00aHD 30.28b.D4743 20101 aPeter, J. Paul10aStrategic management :bcreating competitive advantages /cJ. Paul Peter. a5th ed. aNew York :bMcGraw-Hill Irwin,c2010. a502 p. :bcol. ill. ;c26 cm. aBSBA 0aStrategic planning.1 aLumpkin, G. T.1 aEisner, Alan B.